ბათუმის შოთა რუსთაველის სახელმწიფო უნივერსიტეტის ბიბლიოთეკა

Северо-восток Еревана в эпоху Арташесидов: (ბიბ.ჩანაწერი № 61464)

000 -LEADER
fixed length control field 00986nam a22001937a 4500
005 - DATE AND TIME OF LATEST TRANSACTION
control field 20240315165306.0
008 - FIXED-LENGTH DATA ELEMENTS--GENERAL INFORMATION
fixed length control field 240315s2010 ru ||||| |||| 00| 0 rus d
020 ## - INTERNATIONAL STANDARD BOOK NUMBER
International Standard Book Number 3785808008168
041 ## - LANGUAGE CODE
Language code of text/sound track or separate title rus
080 ## - UNIVERSAL DECIMAL CLASSIFICATION NUMBER
Universal Decimal Classification number 902/904 Д-30
100 ## - MAIN ENTRY--PERSONAL NAME
Personal name Демирханян, Ара
9 (RLIN) 21443
245 ## - TITLE STATEMENT
Title Северо-восток Еревана в эпоху Арташесидов:
Remainder of title фрагменты материальной и духовной культуры по данным античного поселения в Аван-ариндже, ИИв. до н.э - Ив. н.э
Statement of responsibility, etc. Ара Демирханян.
264 ## - PRODUCTION, PUBLICATION, DISTRIBUTION, MANUFACTURE, AND COPYRIGHT NOTICE
Place of production, publication, distribution, manufacture Ереван :
Name of producer, publisher, distributor, manufacturer Изд-во. "Гитутюн" НАН РА,
Date of production, publication, distribution, manufacture, or copyright notice 2010.
300 ## - PHYSICAL DESCRIPTION
Extent 140 с.:
Other physical details ил.;
Dimensions 29 см.
653 ## - INDEX TERM--UNCONTROLLED
keyword ერევნის ჩრდილო-აღმოსავლეთით არტაშესიდების ეპოქაში
653 ## - INDEX TERM--UNCONTROLLED
keyword ისტორია
653 ## - INDEX TERM--UNCONTROLLED
keyword არქეოლოგია
942 ## - ADDED ENTRY ELEMENTS (KOHA)
Source of classification or shelving scheme
Koha item type წიგნი
ეგზემპლარები
Withdrawn status Lost status Source of classification or shelving scheme Damaged status Not for loan Permanent Location Current Location Shelving location Date acquired Cost, normal purchase price Full call number Barcode Date last seen Copy number Uniform Resource Identifier Price effective from Koha item type Public note
          ბათუმის შოთა რუსთაველის სახელმწიფო უნივერსიტეტის მთავარი ბიბლიოთეკა ბათუმის შოთა რუსთაველის სახელმწიფო უნივერსიტეტის მთავარი ბიბლიოთეკა წიგნსაცავი 2024-03-18 8.00 902/904 Д-30 65822 2024-03-18 65822 ბსუ-ს საპატიო დოქტორის გურამ ლორთქიფანიძის საჩუქარი 2024-03-18 წიგნი 8 ლ.